Estudio cinetico de la degradacion termica de la polifenoloxidasa
محفوظ في:
| المؤلف الرئيسي: | |
|---|---|
| التنسيق: | أطروحة كتاب |
| اللغة: | Undetermined |
| منشور في: |
2001
|
| الموضوعات: | |
| الوسوم: |
إضافة وسم
لا توجد وسوم, كن أول من يضع وسما على هذه التسجيلة!
|
MARC
| LEADER | 00000nam a2200000Ia 4500 | ||
|---|---|---|---|
| 001 | 8871 | ||
| 008 | 140114s9999 xx 000 0 und d | ||
| 100 | |a Weeden Viales,Carlos | ||
| 245 | |a Estudio cinetico de la degradacion termica de la polifenoloxidasa | ||
| 260 | |c 2001 | ||
| 500 | |a NULL | ||
| 502 | |a Escuela de ingenieria Quimica | ||
| 650 | |z DEGRADACION TERMICA | ||
| 999 | |c 12552 |d 12552 | ||
